Themanagement of Management (Record no. 347569)

000 -LEADER
fixed length control field 00360 a2200145 4500
022 ## - INTERNATIONAL STANDARD SERIAL NUMBER
International Standard Serial Number 817094256x
082 ## - DEWEY DECIMAL CLASSIFICATION NUMBER
Classification number 658
090 ## - LOCALLY ASSIGNED LC-TYPE CALL NUMBER (OCLC); LOCAL CALL NUMBER (RLIN)
-- 5149
-- 5149
100 ## - MAIN ENTRY--PERSONAL NAME
Personal name Laxman, R.K.
245 ## - TITLE STATEMENT
Title Themanagement of Management
Statement of responsibility, etc. R. K. Laxman
260 ## - PUBLICATION, DISTRIBUTION, ETC.
Place of publication, distribution, etc. New Delhi, India
Name of publisher, distributor, etc. Vision Books Pvt. Ltd.
Date of publication, distribution, etc. 1987
300 ## - PHYSICAL DESCRIPTION
Extent 96
500 ## - GENERAL NOTE
General note papercover
942 ## - ADDED ENTRY ELEMENTS (KOHA)
Institution code [OBSOLETE] NBS
Koha item type Book
Call number prefix 658 LAX
Holdings
Withdrawn status Lost status Damaged status Not for loan Permanent Location Current Location Date acquired Total Checkouts Full call number Barcode Date last seen Price effective from Koha item type
        Central Library (CL) Central Library (CL) 08/28/2013   658 LAX NBS1878 08/28/2013 08/28/2013 Book
        Central Library (CL) Central Library (CL) 08/28/2013   658 LAX NBS1879 10/31/2013 08/28/2013 Book
© 2023 Central Library, National University of Sciences and Technology. All Rights Reserved.